[Event "Hallsberg op"]
[Site "Hallsberg"]
[Date "1991.??.??"]
[Round "?"]
[White "Norri, Joose"]
[Black "Jepson, Christian"]
[Result "1-0"]
[WhiteElo "2325"]
[BlackElo "2235"]

1.d4 Nf6 2.c4 e6 3.Nf3 c5 4.d5 exd5 5.cxd5 d6 6.Nc3 g6 7.Nd2 Bg7 8.e4 O-O
9.Be2 a6 10.a4 Nbd7 11.O-O Ne5 12.f4 Neg4 13.Nc4 h5 14.h3 Nh6 15.Bf3 Ne8
16.Be3 Bd7 17.Qb3 b5 18.axb5 axb5 19.Rxa8 Qxa8 20.Nb6 Qb7 21.Nxd7 Qxd7 22.Qxb5 Qxb5
23.Nxb5 Bxb2 24.Rb1 Bf6 25.g4 hxg4 26.hxg4 Bg7 27.g5 f5 28.gxh6 Bxh6 29.e5 dxe5
30.Bxc5 Bxf4 31.Bxf8 Kxf8 32.d6 Nf6 33.Bc6 e4 34.Ra1 e3 35.d7 Ke7 36.Ra8  1-0

[Event "Helsingborg-A"]
[Site "Helsingborg"]
[Date "1991.??.??"]
[Round "?"]
[White "Sandstrom, Ludvig"]
[Black "Ekelund, Peter"]
[Result "0-1"]
[WhiteElo "2225"]
[BlackElo "2310"]

1.d4 Nf6 2.c4 e6 3.Nf3 c5 4.d5 exd5 5.cxd5 d6 6.Nc3 g6 7.e4 Bg7 8.Bg5 h6
9.Bh4 a6 10.Nd2 b5 11.Be2 O-O 12.O-O Nbd7 13.Qc2 Rb8 14.a4 c4 15.axb5 axb5
16.Na2 Qb6 17.Nb4 Ne5 18.Kh1 Re8 19.f3 Qc5 20.Na6 Bxa6 21.Rxa6 Ra8 22.Bf2 Qb4
23.Rfa1 Rxa6 24.Rxa6 Nxd5 25.Bf1 Nf4 26.b3 Ned3 27.Be3 d5 28.g3 Ne1 29.Qb1 Nfd3
30.bxc4 dxc4 31.Qxb4 Nxb4 32.Rb6 Nbc2 33.Bf2 Rd8 34.Nb1 b4 35.Bxc4 Rd1 36.Rb8+ Kh7
37.Bxf7 Nxf3+ 38.Kg2 Nce1+ 39.Bxe1 Nxe1+ 40.Kf2 Bd4+  0-1

[Event "Oberliga Hessen"]
[Site "Hessen"]
[Date "1991.??.??"]
[Round "?"]
[White "Lex, Christoph"]
[Black "Holfelder, Hans Joachim"]
[Result "1-0"]
[WhiteElo "2245"]
[BlackElo "2300"]

1.d4 Nf6 2.Nf3 e6 3.c4 c5 4.d5 exd5 5.cxd5 d6 6.Nc3 g6 7.Nd2 Bg7 8.Nc4 O-O
9.Bg5 Re8 10.f3 h6 11.Bh4 a6 12.a4 Qc7 13.Qd2 Nbd7 14.Bg3 Bf8 15.e4 Nh5 16.Bf2 Ne5
17.Nxe5 Rxe5 18.Be2 Re8 19.O-O b6 20.Rab1 Bg7 21.Rfc1 Nf6 22.b4 Nd7 23.Nd1 Rb8
24.Be3 Kh7 25.Nf2 Nf6 26.Bd4 Bb7 27.Bc3 Qe7 28.bxc5 bxc5 29.Rb6 Nd7 30.Bxg7 Kxg7
31.Qb2+ Qf6 32.Qxf6+ Kxf6 33.Rb2 Ke7 34.Rcb1 Ba8 35.Bxa6 Rxb2 36.Rxb2 Rb8
37.Nd3 Rxb2 38.Nxb2 f5 39.Nc4 fxe4 40.fxe4 Nb8 41.Bc8 Kd8 42.Bg4 Kc7 43.Bf3 Nd7
44.Kf2 Bb7 45.e5 dxe5 46.d6+ Kb8 47.Bxb7 Kxb7 48.Ke3 Nf6 49.Nxe5 Nd5+ 50.Kd3 Nf4+
51.Kc4  1-0

[Event "HUN-chT"]
[Site "HUN"]
[Date "1991.??.??"]
[Round "?"]
[White "Sinkovics, Peter"]
[Black "Magyar, Otto"]
[Result "1/2-1/2"]
[WhiteElo "2370"]
[BlackElo "2240"]

1.d4 Nf6 2.Nf3 e6 3.c4 c5 4.d5 exd5 5.cxd5 d6 6.Nc3 g6 7.e4 Bg7 8.h3 O-O
9.Bd3 a6 10.a4 Nbd7 11.Bf4 Re8 12.O-O c4 13.Bc2 Qc7 14.Re1 Rb8 15.a5 b5 16.axb6 Rxb6
17.Na4 Rb8 18.Nd4 Nh5 19.Be3 Bb7 20.Ra2 Nhf6 21.f3 Ba8 22.Qd2 Ne5 23.Nc3 Bb7
24.f4 Ned7 25.Nf3 Nc5 26.Bd4 Rbd8 27.Qf2 Rc8 28.Raa1 Qe7 29.Bxc5 Rxc5 30.e5 dxe5
31.d6 Qxd6 32.fxe5 Rcxe5 33.Nxe5 Rxe5 34.Rxe5 Qxe5 35.Re1 Qc7 36.Ba4 h6 37.Bc2 Bc8
38.Kh1 Bb7 39.Ne4 Nxe4 40.Bxe4 Bxe4 41.Rxe4 c3  1/2-1/2

[Event "HUN-chT"]
[Site "HUN"]
[Date "1991.??.??"]
[Round "?"]
[White "Kormanyos, Zoltan"]
[Black "Somogyi, Istvan"]
[Result "1/2-1/2"]
[WhiteElo "2315"]
[BlackElo "2285"]

1.d4 Nf6 2.c4 e6 3.Nf3 c5 4.d5 exd5 5.cxd5 d6 6.Nc3 g6 7.Nd2 Nbd7 8.e4 a6
9.a4 Bg7 10.Be2 O-O 11.O-O Re8 12.Re1 Rb8 13.f3  1/2-1/2

[Event "HUN-ch"]
[Site "HUN"]
[Date "1991.??.??"]
[Round "1"]
[White "Portisch, Lajos"]
[Black "Tolnai, Tibor"]
[Result "1/2-1/2"]
[WhiteElo "2570"]
[BlackElo "2480"]

1.d4 Nf6 2.c4 e6 3.Nf3 c5 4.d5 exd5 5.cxd5 d6 6.Nc3 g6 7.e4 a6 8.a4 Bg7 9.Bf4 Bg4
10.Be2 Bxf3 11.Bxf3 Qe7 12.O-O Nbd7 13.Re1 O-O 14.h3 Rfe8 15.a5 h5 16.Bg5 Qf8
17.Qd2 Kh7 18.Bd1 b5 19.axb6 Nxb6 20.Bc2 Nfd7 21.Ra2 Reb8 22.Qe2 Qh8 23.Bd2 Ne5
24.Nd1 c4 25.f4 Ned7 26.Nc3 Re8 27.e5 dxe5 28.f5 e4 29.fxg6+ fxg6 30.Nxe4 Bd4+
31.Kh1 Kg8 32.Qf3 Qg7 33.Rd1 Rf8 34.Qg3 Be5 35.Qh4 Nxd5 36.Ng5 Qf6 37.Qxc4 Nb6
38.Qe2 Nf4 39.Bxf4 Bxf4 40.Ne4 Qe7 41.Rxa6 Rxa6 42.Qxa6 Bc7 43.Qb5 Kg7 44.Qc5 Qe5
45.Qxe5+ Bxe5 46.b4 Nc4 47.Rd7+ Kh6 48.Bd3 Ra8 49.g4 Ra1+ 50.Kg2 Ra2+ 51.Kf3 hxg4+
52.Kxg4 Ne3+ 53.Kf3 Nf5 54.Nf2 Kg5 55.Ne4+ Kh6 56.Nf2 Kg5 57.Rd5 Bc7 58.Ng4 Bb6
59.Rb5 Bg1 60.Re5 Rb2 61.b5  1/2-1/2

[Event "Katowice op"]
[Site "Katowice"]
[Date "1991.??.??"]
[Round "5"]
[White "Solozhenkin, Evgeniy"]
[Black "Pigusov, Evgeny"]
[Result "1/2-1/2"]
[WhiteElo "2415"]
[BlackElo "2535"]

1.d4 Nf6 2.c4 c5 3.d5 e6 4.Nc3 exd5 5.cxd5 d6 6.Nf3 g6 7.e4 Bg7 8.h3 O-O
9.Bd3 a6 10.a4 Re8 11.O-O c4 12.Bc2 Nbd7 13.Re1 Qc7 14.Bf4 Rb8 15.Qd2 Ne5
16.Nxe5 dxe5 17.Be3 b5 18.axb5 axb5 19.Ra7 Qd6 20.Rea1 Bf8 21.Qc1 Nd7 22.R1a5 Qb4
23.Bd2 Qc5 24.Be3 Qb4 25.Nxb5 Rxb5 26.Rxb5 Qxb5 27.Ba4 Qb8 28.Bxd7 Re7 29.Bxc8 Rxa7
30.Bxa7 Qxa7 31.g3 Bc5 32.Qc2 Qb6 33.Kg2  1/2-1/2

[Event "Kecskemet"]
[Site "Kecskemet"]
[Date "1991.??.??"]
[Round "2"]
[White "Golikov, Anatolij"]
[Black "Anka, Emil"]
[Result "0-1"]
[WhiteElo "2415"]
[BlackElo "2355"]

1.d4 Nf6 2.c4 e6 3.Nf3 c5 4.d5 exd5 5.cxd5 d6 6.Nc3 g6 7.g3 Bg7 8.Bg2 O-O
9.O-O Na6 10.Nd2 Nc7 11.a4 b6 12.h3 Nfe8 13.Nf3 Rb8 14.Bg5 Qd7 15.Qd2 a6
16.e4 f6 17.Be3 b5 18.axb5 Nxb5 19.Na4 Qe7 20.Rfe1 Nbc7 21.Bf1 Qxe4 22.Bxc5 Qxf3
23.Bg2 Qb3 24.Ra3 Qb7 25.Bb6 Bd7 26.Re7 Rf7 27.Qe3 Rxe7 28.Qxe7 Bxa4 29.Bxc7 Qxc7
30.Qe6+ Qf7 31.Rxa4 Qxe6 32.dxe6 Rxb2 33.Rxa6 Rb8 34.Ra7 f5 35.Rd7 Nf6 36.Rxd6 Ne4
37.Rd7 Re8 38.Bf1 Bf6 39.Bc4 Re7 40.Rd8+ Kg7 41.Ra8 Bd4 42.Kg2 Bxf2 43.g4 Bc5
44.gxf5 gxf5 45.Rd8 Kf6 46.Rd7 Rxd7 47.exd7 Bb6 48.Bd3 Nc5 49.Bb5 Ke6  0-1

[Event "JUG-ch"]
[Site "Kladovo"]
[Date "1991.??.??"]
[Round "3"]
[White "Blagojevic, Dragisa"]
[Black "Sarlamanov, D."]
[Result "1-0"]
[WhiteElo "2425"]
[BlackElo "2270"]

1.d4 Nf6 2.c4 e6 3.Nf3 c5 4.d5 exd5 5.cxd5 d6 6.Nc3 g6 7.e4 Bg7 8.h3 O-O
9.Bd3 Re8 10.O-O a6 11.a4 Nbd7 12.Bf4 Qc7 13.Qd2 c4 14.Bc2 Nc5 15.e5 Nh5
16.Be3 Nd7 17.exd6 Qxd6 18.Rfe1 Ne5 19.Nxe5 Bxe5 20.Bd4 Bd7 21.Bxe5 Rxe5
22.Rxe5 Qxe5 23.Re1 Qf6 24.Bd1 Qf4 25.Re3 Qh4 26.Bxh5 Qxh5 27.Qd4 Bf5 28.d6 Qh6
29.d7 Bxd7 30.Qxd7  1-0

[Event "JUG-ch"]
[Site "Kladovo"]
[Date "1991.??.??"]
[Round "9"]
[White "Bogdanovski, Vlatko"]
[Black "Kovacevic, Slobodan"]
[Result "1-0"]
[WhiteElo "2440"]
[BlackElo "2370"]

1.d4 Nf6 2.Nf3 e6 3.c4 c5 4.d5 exd5 5.cxd5 d6 6.Nc3 g6 7.h3 Bg7 8.e4 O-O
9.Bd3 b5 10.Nxb5 Nxe4 11.Bxe4 Qa5+ 12.Nc3 Re8 13.O-O Bxc3 14.bxc3 Rxe4 15.Ng5 Re7
16.Re1 Qd8 17.Ne4 Re5 18.Bf4 Rf5 19.Bg3 Bd7 20.Nxd6 Rh5 21.Rb1 Na6 22.Rb7 c4
23.Qd4 Nc7 24.Rxc7  1-0

[Event "JUG-ch"]
[Site "Kladovo"]
[Date "1991.??.??"]
[Round "10"]
[White "Lakic, Nikola"]
[Black "Andrijevic, Milan"]
[Result "1-0"]
[WhiteElo "2310"]
[BlackElo "2370"]

1.d4 Nf6 2.c4 e6 3.Nf3 c5 4.d5 exd5 5.cxd5 d6 6.Nc3 g6 7.e4 Bg7 8.Bb5+ Bd7
9.Bxd7+ Nbxd7 10.O-O O-O 11.Bf4 Re8 12.Nd2 Ne5 13.Qe2 a6 14.a4 Rc8 15.Bxe5 Rxe5
16.f4 Re8 17.Qf3 c4 18.Kh1 Qb6 19.a5 Qd4 20.Rad1 Qc5 21.e5 dxe5 22.Nde4 Nxe4
23.Nxe4 Qc7 24.f5 Qd7 25.Qh3 f6 26.d6 Rf8 27.Rf3 Rc6 28.g4 g5 29.Qg2 Qf7
30.Rc3 Rd8 31.Rc2 Bf8 32.Rcd2 Kg7 33.Qe2 Rd7 34.Qe3 Qe8 35.Qf3 Qd8 36.Qa3 Qc8
37.Rd5 Kf7 38.Qe3 Qd8 39.Nc5 Rcxd6 40.Nxd7 Qxd7 41.Rxd6 Bxd6 42.Qe4 Ke7 43.Qxc4 Qc6+
44.Qxc6 bxc6 45.Kg2 Bc5 46.Kf3 Bd4 47.b4 Kd6 48.Ke4 Kc7 49.Rd3 Bf2 50.Rd1 Bd4
51.Rd3 Bf2 52.Kf3 Be1 53.Rb3 Bd2 54.Ke2 Bc1 55.Rh3 Kd6 56.Rxh7 Ba3 57.Rb7 e4
58.Rb6 Kd5 59.b5 cxb5 60.Rxa6 Bc5 61.Rxf6 b4 62.Rf7 Kc6 63.a6 b3 64.Rb7  1-0

[Event "JUG-ch"]
[Site "Kladovo"]
[Date "1991.??.??"]
[Round "12"]
[White "Stankovic, Bozidar"]
[Black "Andrijevic, Milan"]
[Result "0-1"]
[WhiteElo "2300"]
[BlackElo "2370"]

1.d4 Nf6 2.c4 e6 3.Nc3 c5 4.d5 exd5 5.cxd5 d6 6.Nf3 g6 7.Bf4 Bg7 8.e4 O-O
9.Nd2 Ng4 10.Nc4 Bd4 11.Bg3 f5 12.h3 f4 13.hxg4 fxg3 14.f3 Bf2+ 15.Kd2 a6
16.a4 Qf6 17.Kc2 Nd7 18.Qd2 Rb8 19.Be2 b5 20.Qh6 Rf7 21.g5 Qe7 22.Na5 Ne5
23.axb5 axb5 24.Bxb5 Bd4 25.Nc6 Nxc6 26.Bxc6 Qe5 27.Ra3 Be3 28.Rd1 Bxg5 29.Qh1 h5
30.Nb5 Bf6 31.Rb1 h4 32.Qe1 Rh7 33.b4 c4 34.Qe3 g5 35.Ra7 Rxa7 36.Nxa7 h3
37.gxh3 Qd4 38.Qxd4 Bxd4 39.Nb5 Rxb5 40.Bxb5 g2 41.Bxc4 Bxh3 42.Be2 g1=Q
43.Rxg1 Bxg1 44.Kd3 Bd7 45.Kc4 Kf7 46.Kc3 Kf6 47.Ba6 Ke5 48.Kd2 Kd4 49.Bd3 Ba4
50.Ba6 Bb3  0-1

[Event "Kobanya op"]
[Site "Kobanya"]
[Date "1991.??.??"]
[Round "2"]
[White "Horvath, Csaba"]
[Black "Hever, Miklos"]
[Result "1/2-1/2"]
[WhiteElo "2460"]
[BlackElo "2330"]

1.d4 Nf6 2.c4 c5 3.d5 e6 4.Nc3 exd5 5.cxd5 d6 6.Nf3 g6 7.h3 Bg7 8.e4 O-O
9.Bd3 a6 10.a4 Re8 11.O-O Nbd7 12.Re1 Nh5 13.Bg5 Qc7 14.Qd2 Ne5 15.Be2 Nf6
16.Nxe5 Rxe5 17.Bc4 Re8 18.f4 Nd7 19.e5 dxe5 20.d6 Qa5 21.Ba2  1/2-1/2

[Event "Lenk"]
[Site "Lenk"]
[Date "1991.??.??"]
[Round "6"]
[White "Klauser, Markus"]
[Black "Anka, Emil"]
[Result "1-0"]
[WhiteElo "2370"]
[BlackElo "2355"]

1.d4 Nf6 2.c4 e6 3.Nf3 c5 4.d5 exd5 5.cxd5 d6 6.Nc3 g6 7.e4 a6 8.a4 Bg4 9.Be2 Bxf3
10.Bxf3 Nbd7 11.O-O Bg7 12.Be2 Qe7 13.Bg5 h6 14.Bh4 g5 15.Bg3 O-O 16.Qc2 Rfe8
17.Rae1 Nf8 18.f3 Nh5 19.Bf2 Be5 20.g3 Ng7 21.Nd1 Ng6 22.Ne3 Bd4 23.Ng4 Bxf2+
24.Kxf2 h5 25.Ne3 Qf6 26.Qc3 Ne5 27.Kg2 Qg6 28.Qc2 Nd7 29.Kh1 Re7 30.Bd3 Ne5
31.Nc4 Nxd3 32.Qxd3 b5 33.Na5 f5 34.Nc6 Ree8 35.e5 dxe5 36.d6 Qe6 37.Rxe5 Qd7
38.Qd5+ Kh7 39.Rfe1 Rac8 40.Rxe8 Rxe8 41.Ne5 Qe6 42.Qxc5 Rc8 43.Qd4 Rc4 44.Qd2 Rc5
45.d7  1-0

[Event "ESP-chT"]
[Site "Linares"]
[Date "1991.??.??"]
[Round "8"]
[White "Gallego, Victoriano"]
[Black "Franco Ocampo, Zenon"]
[Result "0-1"]
[WhiteElo "2305"]
[BlackElo "2495"]

1.d4 Nf6 2.c4 e6 3.Nf3 c5 4.d5 d6 5.Nc3 exd5 6.cxd5 g6 7.e4 a6 8.a4 Bg4 9.Be2 Bxf3
10.Bxf3 Bg7 11.O-O Nbd7 12.Bf4 Qe7 13.e5 dxe5 14.d6 Qe6 15.Nd5 Nxd5 16.Bxd5 Qf6
17.Bg3 Rb8 18.f4 e4 19.Bxe4 O-O 20.Kh1 Rfd8 21.f5 g5 22.Qg4 h6 23.h4 Qxb2
24.hxg5 hxg5 25.Qxg5 Qf6 26.Qg4 Qh6+ 27.Kg1 Nf6 28.Qf3 Nxe4 29.Qxe4 Bd4+
30.Bf2 Rxd6 31.Bxd4 Rxd4 32.Qe5 Qd6 33.Qe3 Kf8 34.f6 Rh4 35.Rad1 Qh2+ 36.Kf2 Rf4+
37.Ke1 Re8 38.Rd8 Qh4+ 39.g3 Qxg3+  0-1

[Event "ESP-ch"]
[Site "Lleida"]
[Date "1991.??.??"]
[Round "2"]
[White "Estremera Panos, Sergio"]
[Black "Izeta Txabarri, Felix"]
[Result "1/2-1/2"]
[WhiteElo "2300"]
[BlackElo "2425"]

1.d4 Nf6 2.c4 e6 3.Nf3 c5 4.d5 d6 5.Nc3 exd5 6.cxd5 g6 7.h3 Bg7 8.e4 O-O
9.Bd3 b5 10.Bxb5 Nxe4 11.Nxe4 Qa5+ 12.Nfd2 Qxb5 13.Nxd6 Qa6 14.N2c4 Rd8 15.Bf4 Nd7
16.O-O Nb6 17.Nxb6 axb6 18.Nxc8 Qxc8 19.Qb3 Qf5 20.Bc7 Rxd5 21.Qxb6 Rd2 22.Qc6 Rc8
23.Rae1 Bd4 24.g4 Qf6 25.Qxf6 Bxf6 26.Be5 Bxe5 27.Rxe5 Rxb2 28.a4 c4 29.Rc1 Rc6
30.Kf1 c3 31.Re2 Kg7 32.a5 c2 33.Kg2 Ra2 34.a6 Rcxa6 35.Rcxc2 Rxc2 36.Rxc2  1/2-1/2

[Event "London WFW"]
[Site "London"]
[Date "1991.??.??"]
[Round "?"]
[White "Arkell, Keith C"]
[Black "Suba, Mihai"]
[Result "1-0"]
[WhiteElo "2450"]
[BlackElo "2540"]

1.d4 e6 2.c4 Nf6 3.Nf3 c5 4.d5 d6 5.Nc3 exd5 6.cxd5 g6 7.g3 Bg7 8.Bg2 O-O
9.O-O Na6 10.Nd2 Nc7 11.Nc4 Nfe8 12.a4 b6 13.Qc2 f5 14.e3 Bb7 15.Rd1 Nf6
16.Rb1 Kh8 17.b3 Qd7 18.Bb2 Rad8 19.Rd2 Qf7 20.Qd1 Ba8 21.Ba1 Rd7 22.b4 cxb4
23.Rxb4 Rc8 24.a5 b5 25.Nxb5 Nxb5 26.Rxb5 Rxc4 27.Rb8+ Ng8 28.Rxa8 Rdc7 29.Bf1 Rc1
30.Bxg7+ Kxg7 31.Qa4 Nf6 32.Qd4 g5 33.Kg2 g4 34.a6 R7c5 35.Rb2 Kg6 36.Be2 Qxd5+
37.Qxd5 Nxd5 38.Rxa7 Ra5 39.e4 Raa1 40.f3 Ne3+ 41.Kf2 Nd1+ 42.Bxd1 Rxd1 43.exf5+ Kxf5
44.fxg4+ Kxg4 45.Rg7+ Kf5 46.a7 h5 47.Kg2 h4 48.Rf2+ Ke6 49.Rf8 hxg3 50.hxg3 Ra2+
51.Kh3 Rda1 52.Rff7 Ra4 53.Rb7 Rh1+ 54.Kg2 Rha1 55.Rh7 Kf5 56.Rh5+ Kg6 57.Rd5 Rxa7
58.Rxd6+ Kf5 59.Rb5+ Ke4 60.Re6+ Kd4 61.Rb2 Kd3 62.Rf2 Ra8 63.Rf4 R8a2+ 64.Kf3 Rf1+
65.Kg4 Rg1 66.Rf3+ Kd4 67.Kf4 Ra8 68.Re4+ Kd5 69.Rd3+ Kc5 70.Rc3+ Kd6 71.Rd3+ Kc5
72.Re5+ Kc4 73.Rf3 Kd4 74.Rg5 Rf8+ 75.Kg4 Ra8 76.Rg6 Ke4 77.Rb3 Ra4 78.Kh5 Ra5+
79.Kh4 Rh1+ 80.Kg4 Ra8 81.Rb4+ Ke3 82.Re6+ Kd3 83.Rbb6 Rg1 84.Rbd6+ Kc4 85.Kf4 Kc5
86.Rc6+ Kb5 87.Rb6+ Kc5 88.Ra6 Rf8+ 89.Rf6 Rd8 90.Rac6+ Kd5 91.g4 Rf1+ 92.Kg5 Rg1
93.Ra6 Rg8+ 94.Rg6 Re8 95.Ra5+ Ke4 96.Rg7 Kd4 97.Ra4+ Kd5 98.Rf4 Ke5 99.Rff7 Ke6
100.Rf5 Ra8 101.Rg6+ Ke7 102.Kh6 Ra4 103.Re5+ Kf7 104.Rf5+ Ke7 105.g5 Rh4+
106.Kg7 Rhg4 107.Re5+ Kd7 108.Kf7 R4g2 109.Re7+  1-0

[Event "USA-op Los Angeles"]
[Site "Los Angeles"]
[Date "1991.??.??"]
[Round "?"]
[White "Ambarcumjan, Armen"]
[Black "Peters, John A"]
[Result "1/2-1/2"]
[WhiteElo "2345"]
[BlackElo "2485"]

1.d4 Nf6 2.Nf3 e6 3.c4 c5 4.d5 exd5 5.cxd5 d6 6.Nc3 g6 7.e4 Bg7 8.h3 O-O
9.Bd3 b5 10.Nxb5 Nxe4 11.Bxe4 Re8 12.Ng5 Ba6 13.a4 Bxb2 14.Ne6 Qh4 15.Nxd6 Bxa1
16.Qf3 Qe7 17.Nxe8 fxe6 18.d6 Qxe8 19.Bxa8 Qxa4 20.Bd2 Nd7 21.Qd1 Qd4 22.Qc2 Ne5
23.Be4 Bd3 24.Bxd3 Nxd3+ 25.Ke2 Qxf2+ 26.Kd1 Qxg2 27.Qxd3 Qxh1+ 28.Kc2 Bf6
29.Qb5 Qe4+ 30.Kc1 Qh1+ 31.Kc2 Qa8 32.Qd7 Qd8 33.Qxe6+ Kg7 34.Be3 Qa5 35.Qd7+ Kg8
36.Qe8+  1/2-1/2

[Event "URS-ch (Women)"]
[Site "Lvov"]
[Date "1991.??.??"]
[Round "?"]
[White "Matveeva, Svetlana"]
[Black "Prudnikova, Svetlana"]
[Result "1-0"]
[WhiteElo "2325"]
[BlackElo "2280"]

1.d4 Nf6 2.c4 c5 3.d5 e6 4.Nc3 exd5 5.cxd5 d6 6.Nf3 g6 7.e4 Bg7 8.h3 O-O
9.Bd3 b5 10.Nxb5 Re8 11.Nd2 Nxe4 12.Bxe4 Ba6 13.a4 Qa5 14.Nxd6 Nd7 15.Qc2 f5
16.Kd1 fxe4 17.N2c4 Qd8 18.Nxe8 Qxe8 19.Bd2 Qf7 20.Nd6 Qf6 21.Qxe4 Ne5 22.Ra3 Rd8
23.Nb5 Bb7 24.Nc3 Ba6 25.Rb3 Bd3 26.Qe3 Qf5 27.Rb7 Bc2+ 28.Kc1 Re8 29.Qg5 Nd3+
30.Kxc2 Nb4+ 31.Kb3 Qc2+ 32.Ka3 c4 33.Rxb4 Bf8 34.d6 a5 35.Qd5+ Kh8 36.Rxc4  1-0

[Event "Malaga op"]
[Site "Malaga"]
[Date "1991.??.??"]
[Round "3"]
[White "Garcia Trobat, Francisco"]
[Black "Franco Ocampo, Zenon"]
[Result "1/2-1/2"]
[WhiteElo "2305"]
[BlackElo "2495"]

1.d4 Nf6 2.c4 e6 3.Nf3 c5 4.d5 d6 5.Nc3 exd5 6.cxd5 g6 7.e4 a6 8.a4 Bg4 9.Be2 Bxf3
10.Bxf3 Nbd7 11.g4 h6 12.Bg2 g5 13.h4 Rg8 14.hxg5 hxg5 15.a5 Ne5 16.f3 Nfd7
17.Ne2 Qf6 18.Ng3 c4 19.Nf5 Nd3+ 20.Ke2 Rh8 21.Rh5 N7c5 22.Rb1 Rxh5 23.gxh5 Qh8
24.h6 Bxh6 25.Nxd6+ Kf8 26.Nf5 Bg7 27.Bxg5 Bxb2 28.Bh6+ Ke8 29.Bh3 Be5 30.Qg1 Bf4
31.Ng7+ Kd8 32.Bg5+ Kc7 33.Bxf4+ Nxf4+ 34.Kd1 Qf8 35.Qg3 Nd3 36.Nh5 Qh6 37.Nxf4 Nxf4
38.Rb6 f6 39.d6+ Kb8 40.Qg8+ Ka7 41.Rxb7+ Kxb7 42.Qf7+ Kc6 43.Qc7+ Kb5 44.Qb6+  1/2-1/2

[Event "Mar del Plata op"]
[Site "Mar del Plata"]
[Date "1991.??.??"]
[Round "?"]
[White "Piscicelli, Daniel"]
[Black "Vasta, Eduardo"]
[Result "1/2-1/2"]
[WhiteElo "2250"]
[BlackElo "2360"]

1.d4 Nf6 2.c4 e6 3.Nc3 c5 4.d5 exd5 5.cxd5 d6 6.Nf3 g6 7.g3 Bg7 8.Bg2 O-O
9.O-O a6 10.a4 Nbd7 11.Nd2 Qe7 12.Nc4 Rb8 13.Bf4 Ne8 14.Qc2 f5 15.Rab1 Ndf6
16.b4 cxb4 17.Rxb4 Nh5 18.Bd2 f4 19.Qb3 Qc7 20.Ne4 Bg4 21.Bf3 Bxf3 22.exf3 h6
23.Rc1 fxg3 24.hxg3 Qd8 25.Kg2 Rf7 26.Rb6 Bd4 27.Rb4 Bg7 28.Be3 Nhf6 29.Ncd2 Qd7
30.Rb1 Qf5 31.Ba7 Ra8 32.Rxb7 Rxa7 33.Rxa7 Rxa7 34.Qb8 Re7 35.Nxf6+ Bxf6
36.Ne4 Be5 37.Qd8 Qd7 38.Qa8 Kf8 39.Qxa6 Qa7 40.Qc8 Qxa4 41.Rb7 Rxb7 42.Qxb7 Kg8
43.Qe7 Qa8 44.f4 Bg7 45.Qe6+ Kh7 46.f5 gxf5 47.Qxf5+ Kh8 48.Qd7 Qb8 49.Kh2 Be5
50.Qe7 Bg7 51.Qd7 Nf6 52.Qxd6 Qxd6 53.Nxd6 Nxd5 54.Kh3 Bf8 55.Ne4 Kg7 56.Kg4 Kg6
57.f3 Be7 58.Nf2 Ne3+ 59.Kh3 Nd5 60.Kg2 Kf5 61.Ng4 h5 62.Nf2 Ke5 63.Nd3+ Kd4
64.Nf4 Nf6 65.g4  1/2-1/2

[Event "POL-chT"]
[Site "Mikolajki"]
[Date "1991.??.??"]
[Round "2"]
[White "Gralka, Julian"]
[Black "Skrobek, Ryszard"]
[Result "1-0"]
[WhiteElo "2315"]
[BlackElo "2395"]

1.d4 Nf6 2.c4 c5 3.d5 e6 4.Nc3 exd5 5.cxd5 d6 6.Nf3 g6 7.Nd2 Bg7 8.e4 O-O
9.Be2 Ne8 10.O-O f5 11.exf5 Bxf5 12.Nc4 Na6 13.g4 Bd7 14.a4 Nb4 15.f4 Kh8
16.Be3 Qe7 17.Bf3 Rd8 18.Qd2 Bc8 19.Rad1 b6 20.Rfe1 Qh4 21.Qg2 Nd3 22.Qg3 Qxg3+
23.hxg3 Nxe1 24.Rxe1 Nc7 25.Bd2 Rfe8 26.Ne4 Bd4+ 27.Kg2 Nxd5 28.Ncxd6 Rf8
29.Nxc8 Rxc8 30.Ng5 Nf6 31.Re7 Rce8 32.Rxa7 Kg8 33.b3 h6 34.Nh3 Ne4 35.Be1 Nc3
36.Bxc3 Bxc3 37.g5 h5 38.Nf2 Bd4 39.Bd5+ Kh8 40.Ne4 Rf5 41.Bc6 Rd8 42.Nd2 Rff8
43.Nc4 h4 44.Be4 hxg3 45.Kxg3 Rg8 46.Ra6 Rb8 47.Kg4 Bc3 48.Nxb6 Rge8 49.Nd5 Rxe4
50.Nxc3 Rd4 51.Rxg6 Rxb3 52.Nb5 Rxa4 53.Nd6 Rbb4 54.Rf6 Rd4 55.g6 Kg8 56.Nb5 Rdb4
57.Nc3 Ra3 58.Nd5 Rd4 59.Ne7+ Kg7 60.Rf7+  1-0

[Event "POL-chT"]
[Site "Mikolajki"]
[Date "1991.??.??"]
[Round "7"]
[White "Matlak, Marek"]
[Black "Kveinys, Aloyzas"]
[Result "1/2-1/2"]
[WhiteElo "2405"]
[BlackElo "2435"]

1.d4 Nf6 2.Nf3 c5 3.d5 e6 4.c4 exd5 5.cxd5 d6 6.Nc3 g6 7.Nd2 Bg7 8.e4 O-O
9.Be2 Re8 10.O-O a6 11.a4 Nbd7 12.Re1 Ne5 13.Nf1 c4 14.Ne3 Qc7 15.Bd2 Bd7
16.b3 b5 17.axb5 axb5 18.Rxa8 Rxa8 19.bxc4 b4 20.Nb5 Bxb5 21.cxb5 Nxe4 22.Bxb4 Qb6
23.Qc2 Nxf2 24.Kxf2 Bh6 25.Kg1 Bxe3+ 26.Kh1 h5 27.Rb1 Qd8 28.Be1 Bb6 29.Bg3 Rc8
30.Qe4 Qg5 31.Qf4 Qe7 32.Rc1 Rxc1+ 33.Qxc1 h4 34.Bf4 Qf6 35.Be3 Bxe3 36.Qxe3 Nd7
37.h3 Qd8 38.Qd4 Qe7 39.Bf1 Nc5 40.Kg1 Qe1 41.Qf4 Ne4 42.Qf3 Ng3 43.Qd3 Qb4
44.Kf2 Ne4+ 45.Kg1 Qc5+ 46.Kh2 Ng3 47.Qb1 Qe3  1/2-1/2

[Event "Mittelfranken-ch"]
[Site "Mittelfranken"]
[Date "1991.??.??"]
[Round "?"]
[White "Schmid, S."]
[Black "Wallinger, Manfred"]
[Result "1/2-1/2"]
[WhiteElo "2005"]
[BlackElo "2215"]

1.d4 Nf6 2.Nf3 e6 3.c4 c5 4.d5 exd5 5.cxd5 d6 6.Nc3 g6 7.e4 Bg7 8.Bd3 O-O
9.O-O Na6 10.Nd2 Rb8 11.a4 Nb4 12.Be2 Re8 13.f4 b6 14.Re1 a6 15.Bf1 Bg4 16.Nf3 Nh5
17.Na2 Bd4+ 18.Kh1 Nxa2 19.Rxa2 b5 20.axb5 axb5 21.b3 Qb6 22.Qd2 Bxf3 23.gxf3 Ra8
24.Qe2 b4 25.Qg2 Rxa2 26.Qxa2 f5 27.e5 dxe5 28.fxe5 Rxe5 29.Rxe5 Bxe5 30.Qa8+ Kg7
31.Be3 Nf6 32.Bc4 f4 33.Bf2 Bd6 34.Bh4 Ng8 35.Bd8 Qb8 36.Qxb8 Bxb8 37.Kg2 Bd6
38.Bg5 h6 39.Bd8  1/2-1/2

[Event "FRA-ch Acc"]
[Site "Montpellier"]
[Date "1991.??.??"]
[Round "2"]
[White "Leuly, Max"]
[Black "Lecuyer, Christian"]
[Result "1/2-1/2"]
[WhiteElo "2110"]
[BlackElo "2265"]

1.d4 Nf6 2.c4 e6 3.Nf3 c5 4.d5 exd5 5.cxd5 d6 6.Nc3 g6 7.e4 Bg7 8.Be2 O-O
9.O-O Re8 10.Nd2 Na6 11.f3 Nc7 12.a4 b6 13.Nc4 Ba6 14.Bg5 h6 15.Be3 Rb8 16.Qd2 Kh7
17.Rab1 Qe7 18.Rfe1 Nd7 19.b4 Bxc4 20.Bxc4 Qf6 21.Nb5 Rb7 22.bxc5 bxc5 23.Nxc7 Rxc7
24.Bb5 Re7 25.Qc2 Ne5 26.h3 g5 27.Rf1 Ng6 28.g3 Qc3 29.Qxc3 Bxc3 30.Kg2 Kg7
31.Rfc1 Bb4 32.Bd3 a5 33.Kf2 Ne5 34.Be2 f6 35.f4 Ng6 36.Bd3 Rc8 37.Rc2 Rce8
38.Bb5 Rf8 39.Bd3 Rfe8 40.Bb5 Rf8 41.Bd3  1/2-1/2

[Event "FRA-ch Acc"]
[Site "Montpellier"]
[Date "1991.??.??"]
[Round "3"]
[White "Saucey, Michel"]
[Black "Tugaye, Francis"]
[Result "1-0"]
[WhiteElo "2255"]
[BlackElo "2120"]

1.d4 Nf6 2.Nf3 c5 3.d5 e6 4.c4 exd5 5.cxd5 d6 6.Nc3 g6 7.g3 Bg7 8.Bg2 O-O
9.O-O a6 10.a4 Nbd7 11.Bf4 Qe7 12.h3 Nh5 13.Bg5 Bf6 14.Bh6 Bg7 15.Qc1 Rb8
16.Re1 Re8 17.e4 Ne5 18.Nxe5 Qxe5 19.Bxg7 Kxg7 20.f4 Qd4+ 21.Kh2 b5 22.axb5 axb5
23.g4 Nf6 24.Qd2 Nd7 25.Rad1 Qf6 26.Qf2 g5 27.e5 dxe5 28.f5 Qb6 29.Ne4 f6
30.b4 cxb4 31.Qd2 Qd4 32.Qc1 Qc4 33.Nd6 Qxc1 34.Nxe8+ Kf8 35.Rxc1 Kxe8 36.Re4 b3
37.Rb4 e4 38.Rxb3 Ne5 39.Bxe4 Kd7 40.Rbc3 Nc4 41.Bd3 Ba6 42.Ra1 Rb6 43.Rb3 Nd6
44.Rab1 Kd8 45.Rb4 Kd7 46.Re1 Bb7 47.Reb1 Ba6 48.Kg3 Kd8 49.Kf2  1-0

[Event "Moscow5-B"]
[Site "Moscow"]
[Date "1991.??.??"]
[Round "?"]
[White "Gavrilov, Alexei"]
[Black "Doghri, Nabil"]
[Result "0-1"]
[WhiteElo "2325"]
[BlackElo "2280"]

1.d4 Nf6 2.c4 e6 3.Nf3 c5 4.d5 exd5 5.cxd5 d6 6.Nc3 g6 7.Bf4 a6 8.a4 Bg7
9.e4 Bg4 10.Be2 Bxf3 11.Bxf3 O-O 12.O-O Qc7 13.Re1 Nbd7 14.Be2 Rfe8 15.Qc2 b6
16.Rad1 Ne5 17.Bc1 c4 18.Be3 Rab8 19.f3 b5 20.axb5 axb5 21.b4 Rec8 22.Bd4 Nh5
23.Be3 Rb7 24.g4 Nf6 25.Rf1 h5 26.h3 hxg4 27.hxg4 Nd3 28.Rb1 Qe7 29.Nd1 Ne5
30.Bd4 Nfd7 31.Qc3 g5 32.Kg2 Nb6 33.Nb2 f6 34.Ra1 Ng6 35.Ra6 Nxd5 36.exd5 Nf4+
37.Kh2 Qxe2+ 38.Rf2 Kf7 39.Rxe2 Rh8+ 40.Kg1 Nxe2+ 41.Kg2 Nxc3 42.Bxc3 Re7
43.Nd1 Re2+ 44.Nf2 Rc2 45.Bd4 Rd2 46.Bc3 Rc2 47.Bd4 Re8 48.Rxd6 Ree2 49.Kg3 Red2
50.Be3 f5 51.Rd7+ Ke8 52.Bxd2 f4+ 53.Kh3 Kxd7 54.Ne4 c3 55.Be1 Bd4 56.d6 Rc1
57.Bf2 Bxf2 58.Nxf2 Rf1  0-1

[Event "Russian Winter op"]
[Site "Moscow"]
[Date "1991.??.??"]
[Round "?"]
[White "Nasybullin, Vladislav"]
[Black "Tataev, Manach"]
[Result "0-1"]
[WhiteElo "2350"]
[BlackElo "2275"]

1.d4 Nf6 2.c4 c5 3.d5 e6 4.Nc3 exd5 5.cxd5 d6 6.Nf3 g6 7.Bf4 a6 8.a4 Bg7
9.e4 Bg4 10.Be2 Bxf3 11.Bxf3 O-O 12.O-O Re8 13.g4 Qe7 14.Bg3 Nbd7 15.g5 Nh5
16.Bxh5 gxh5 17.Qxh5 Bxc3 18.bxc3 Qxe4 19.Bxd6 Qxd5 20.Rad1 Qf5 21.f4 Re3
22.c4 Rae8 23.Rd5 Qe4 24.f5 Re1 25.Rd1 Rxf1+ 26.Kxf1 Qxf5+ 27.Kg2 Qc2+ 28.Kg1 Qxc4
29.Bg3 Qxa4 30.Rd6 Nf8 31.Qf3 Qa1+ 32.Rd1 Qb2 33.Be1 Qe2 34.Qd5 Ne6 35.Ba5 Nd4
36.Rf1 Qe3+ 37.Kg2 Qe4+ 38.Qxe4 Rxe4 39.Bd8 Ne6 40.Bf6 h6 41.h4 hxg5 42.hxg5 Nxg5
43.Rf5 Rg4+ 44.Kh2  0-1

[Event "Russian Winter op"]
[Site "Moscow"]
[Date "1991.??.??"]
[Round "?"]
[White "Gaffney, Matt"]
[Black "Tataev, Manach"]
[Result "0-1"]
[WhiteElo "2255"]
[BlackElo "2275"]

1.d4 Nf6 2.c4 c5 3.d5 e6 4.Nc3 exd5 5.cxd5 d6 6.Nf3 g6 7.Nd2 a6 8.a4 Nbd7
9.e4 Bg7 10.Be2 O-O 11.O-O Rb8 12.Qc2 Kh8 13.f4 Ng8 14.Nc4 Nb6 15.Ne3 f5
16.a5 Na8 17.e5 b5 18.axb6 Nxb6 19.e6 Bd4 20.Kh1 Bb7 21.g4 fxg4 22.Bxg4 Ne7
23.f5 Nbxd5 24.Nexd5 Nxd5 25.Nxd5 Bxd5+ 26.Bf3 Rxf5 27.Qg2 Bxe6 28.Ra4 Qf6  0-1